000 00636nam a2200181Ia 4500
008 090630s9999 xx 000 0 und d
082 _b4272
100 _aधर्माधिकारी भाऊ.
245 _aमहा अमात्य.
_cधर्माधिकारी भाऊ.
260 _bव्होरा कंपनी.
_c1967
300 _a100
600 _aधर्माधिकारी भाऊ.
630 _aमहा अमात्य.
655 _aकादंबरी.
700 _aधर्माधिकारी भाऊ.
730 _aमहा अमात्य.
942 _cBOOK
999 _c256128
_d256128